Vẻ đẹp của người phụ nữ hiện đại
שמור ב:
| מחבר ראשי: | |
|---|---|
| פורמט: | ספר |
| שפה: | Undetermined |
| יצא לאור: |
Hà Nội
Lao động
2005
|
| נושאים: | |
| תגים: |
הוספת תג
אין תגיות, היה/י הראשונ/ה לתייג את הרשומה!
|
| Thư viện lưu trữ: | Trung tâm Học liệu Trường Đại học Cần Thơ |
|---|
| LEADER | 00523nam a2200193Ia 4500 | ||
|---|---|---|---|
| 001 | CTU_96309 | ||
| 008 | 210402s9999 xx 000 0 und d | ||
| 020 | |c 23500 | ||
| 082 | |a 646.7042 | ||
| 082 | |b L107 | ||
| 100 | |a Lan Anh | ||
| 245 | 0 | |a Vẻ đẹp của người phụ nữ hiện đại | |
| 245 | 0 | |c Lan Anh | |
| 260 | |a Hà Nội | ||
| 260 | |b Lao động | ||
| 260 | |c 2005 | ||
| 650 | |a Women in social life,Grooming | ||
| 904 | |i Năm | ||
| 980 | |a Trung tâm Học liệu Trường Đại học Cần Thơ | ||